000 00564nam a2200169 a 4500
005 20240601063803.0
008 991125s1894 bar 000 0 spa u
035 _aUPN01000052521
049 _aLT
050 4 _aLB1577 R82
245 0 0 _aRudimentos de gramática teórico-práctica /
_cpor una profesora de la Compañía de Santa Teresa de Jesús
260 _aBarcelona, Esp. :
_bLibrería y Tipografía Teresiana,
_c1894
300 _a101 p.
650 4 _aEspañol
_xGramática
_xEstudio y enseñanza (Elemental)
_913348
904 _aAC
_b052523
905 _aLibro
999 _c52521
_d52521